| 000 | 01353nam a2200253Ia 4500 | ||
|---|---|---|---|
| 999 |
_c56346 _d56346 |
||
| 001 | 23459 | ||
| 003 | GE_BSU | ||
| 005 | 20260123151529.0 | ||
| 008 | 181216s1950||||ge |||||||||||||| ||geo|| | ||
| 040 | _cGE_BSU | ||
| 041 | _ageo | ||
| 080 | _a930(479.22)(092) დ-90 | ||
| 100 |
_aდუმბაძე, მამია _926725 |
||
| 245 |
_aისტორიკოსი დიმიტრი ბაქრაძე : (ცხოვრება და მოღვაწეობა) _c მამია დუმბაძე ; რედ. : ტრ. ხუნდაძე. |
||
| 264 |
_aბათუმი : _bაჭარის სახელგამი, _c1950. |
||
| 300 |
_a192გვ. : _b პორტრ. და ილ. ; _c23 სმ. |
||
| 500 | _aდანართი : "შენიშვნები", გვ. 159-181 | ||
| 504 | _aბიბლიოგრ. : "დ. ბაქრაძის გამოუქვ. ნაშრომების სია", გვ. 183-190 | ||
| 541 | _h1ლ. 80თ. | ||
| 653 | _aისტორიკოსი დიმიტრი ბაქრაძე : (ცხოვრება და მოღვაწეობა) | ||
| 653 | _aქართველი ისტორიკოსები | ||
| 700 |
_aხუნდაძე, ტრ. _eრედაქტორი _926726 |
||
| 942 |
_cBK _2udc |
||